JHCSC Library Logo Welcome to JHCSC LibraryWhere Every Page Begins a New Adventure.    Vision: A leading public higher education institution serving the ASEAN community through quality, innovative, and culture-sensitive programs.    Mission: To provide relevant and responsive programs in Agriculture, Education, and other fields aligned with its vision. It undertakes applied research, extension, and production services that yield practical and lasting solutions to sector-specific challenges, improving the socio-economic well-being of identified communities.

From Problem Analysis to Program Design (Record no. 11353)

MARC details
000 -LEADER
fixed length control field 00509nam a22001697a 4500
005 - DATE AND TIME OF LATEST TRANSACTION
control field 20260219021013.0
008 - FIXED-LENGTH DATA ELEMENTS--GENERAL INFORMATION
fixed length control field 260219b |||||||| |||| 00| 0 eng d
020 ## - INTERNATIONAL STANDARD BOOK NUMBER
International Standard Book Number 9814416339
040 ## - CATALOGING SOURCE
Transcribing agency jhcsc
082 ## - DEWEY DECIMAL CLASSIFICATION NUMBER
Edition number 3
Classification number 005.1
100 ## - MAIN ENTRY--PERSONAL NAME
9 (RLIN) 10166
Personal name Blayne Mayfield
Relator term Author
245 ## - TITLE STATEMENT
Title From Problem Analysis to Program Design
Remainder of title Lab Manual
Statement of responsibility, etc. Blayne Mayfield
250 ## - EDITION STATEMENT
Edition statement Third Edition
260 ## - PUBLICATION, DISTRIBUTION, ETC.
Place of publication, distribution, etc. Singapore
Name of publisher, distributor, etc. Cengage Learning Asia Pte Ltd
Date of publication, distribution, etc. c2012
300 ## - PHYSICAL DESCRIPTION
Extent ix,321 p
Other physical details ill.
942 ## - ADDED ENTRY ELEMENTS (KOHA)
Source of classification or shelving scheme Dewey Decimal Classification
Koha item type Book
Edition Third Edition
Holdings
Withdrawn status Lost status Source of classification or shelving scheme Damaged status Not for loan Collection code Home library Current library Shelving location Date acquired Total Checkouts Full call number Barcode Date last seen Price effective from Koha item type
    Dewey Decimal Classification     Information Technology JHCSC - Canuto MS Enero Campus Library JHCSC - Canuto MS Enero Campus Library Circulation 11/10/2014   005.1 M466 2012 2014-1309 c 02/19/2026 02/19/2026 Book
    Dewey Decimal Classification     Information Technology JHCSC - Canuto MS Enero Campus Library JHCSC - Canuto MS Enero Campus Library Circulation 11/10/2014   005.1 M466 2012 2014-1308 c 02/27/2026 02/27/2026 Book
© J.H. Cerilles State College | All Rights Reserved
Designed by Terhevic L. Bation & Gerald Biad, Library IT Staff